Which One Doesn't Belong - Statistics

General Stats
  • This quiz has been taken 102 times
  • The average score is 13 of 15
Answer Stats
Question Answer % Correct
Punctuation &
100%
Makeup Blush
100%
Apps Camera
100%
Algerbra Grand
100%
Countries Japan
100%
Animals Lizard
100%
Stores McDonald's
100%
Clothes Shorts
100%
Zodiac Titan
100%
Number 11
75%
Hair Bright blue
75%
Chemistry Emerald
75%
Colors Navy
75%
Songs Beautiful Crazy
50%
States North Carolina
50%
No matching quizzes found
Score Distribution
Percent of People with Each Score
Percentile by Number Answered
Your Score History
You have not taken this quiz